000 01020nam a22002417i 4500
999 _c23191
_d23191
003 AR-CdUCM
008 250123b20232023 pe||||| |||| 00| 0 spa d
020 _a978-612-47305-9-7
040 _aMUNICIPALIDAD PROVINCIAL DEL CUSCO
_cBIBLIOTECA MUNICIPAL DEL CUSCO
041 _hspa
082 _a379.85 / G68
_bG68
100 _aGonzales Ríos, José Alipio
_944247
245 _aLa Educación Pública en la Regíon Cusco :
_bPolíticas y sistemas educativos 1821-1920 /
260 _a Wanchaq-Cusco :
_bSieteculebras Editores
_c2023
300 _a103 páginas. :
_c13x20 cm.
500 _zBibliografía: páginas 101-123
505 _aResultados de políticas educativas -- Gobiernos militares y la educación -- La riqueza de guano de las islas en la educación 1845-1878 -- La guerra con Chile y la educación -- Los terratenientes y la Escuela Rural
650 _aEducación
_9460
650 _aGobiernos militares
_950956
650 _aEscuela rural
_93956
942 _2ddc
_cLIBROS
945 _apbjr
_d23-01-2025